000 02086cam a22004574i 4500
003 PE-LiUPU
005 20250731172914.0
008 150617s r 000 0 d
035 _a(Sirsi) a17005
040 _aPE-LiUPU
_bspa
_cPE-LiUPU
_erda
049 _aPRUA
082 0 4 _a294.5
_bD24
_221
100 1 _aDaniélou, Alain,
_eautor.
245 1 0 _aLe Polythéisme Hindou /
_cAlain Daniélou.
264 1 _aCorréa :
_bBuchet/Chastel,
_c1960.
300 _a597 páginas ;
_c17 cm.
336 _atext
_2rdacontent
337 _aunmediated
_2rdamedia
338 _avolume
_2rdacarrier
504 _aIncluye bibliografía.
505 0 _aPhilosophie: La théorie du polythéisme. -La nature de l'absolu. -L'etre cosmique. -Les dieux des vedas-s: Le sacrifice cosmique. -Les trente-trois dieux. -Les spheres et leurs dieux. -Les dieux des spheres de l'espace. -Les principes-souverains. -Autres dieux. -Diexs et anti-diexs. -La trinité: vishnu, l'immanet. -l'image de vishnu. -Les formes de rudra-shiva. -L'image de shiva. -Le linga ou phallus. -Brahma, l'etre-immense. -Shakti, l'énergie Divine, la déesse: Shakti, l'énergi omniprésente. -Les épouses des trois dieux. -Les dix objets de la connaissange transcendante. -Quelques autres aspects de la déesse. -Les dieux secondaires: Les fils de shiva. -Dieuxs mineurs et génies. -Autres dieux.
526 _aSEG42
526 _aSEG41
526 _aSEG40
526 _aSEG39
526 _aP94
526 _aP87
526 _aP86
526 _aP85
526 _aP77
526 _aP76
526 _aP35
650 0 4 _aHinduismo
_xPoliteísmo.
910 _ajck
_bjvq
_cjck
_d20150616
942 _2ddc
_cBOOK
949 _a294.5 D24
_wDEWEY
_c1
_i10353
_lCCODEBUL1
_mBUL
_p00.00
_r0
_sY
_tBOOK
_u2015-04-21
_xTEOLOGIA
_PP35
_0COMPRA
_o.STAFF. Colección General
994 _aC0
_bPEPRU
596 _a1
999 _a294.5 D24
_wDEWEY
_c16537
_i10353
_f2021-11-12
_g5
_lCCODEBUL1
_mBUL
_r0
_sY
_tBOOK
_u2015-4-21
_xTEOLOGIA
_PP35
_0COMPRA
_o.STAFF. Colección General
_d16537
980 _81
_gALBERTO SANCHEZ Responsable de Automatización